| 000 | 00979nam a22003014c 4500 | ||
|---|---|---|---|
| 003 | AR-BaSMT | ||
| 008 | 240627t2020 enka|||ar|||| 000 1 ing d | ||
| 020 | _a9781474972031 | ||
| 040 |
_aBSGB _bespañol _erda |
||
| 041 | 0 |
_aing _hInglés |
|
| 080 | _a82-34 | ||
| 100 | 1 |
_aMackinnon, Mairi _9450 |
|
| 245 | 1 | 0 | _aKing Midas |
| 264 |
_aLondres : _bUsborne, _c2020 |
||
| 300 |
_a24 páginas ; _bilustraciones color |
||
| 336 |
_2rdacontent _atexto _btxt |
||
| 337 |
_2rdamedia _asin mediación _bn |
||
| 338 |
_2rdacarrier _avolumen _bnc |
||
| 490 | _aUsborne English Readers Starter Level | ||
| 500 | _aWith activities and free audio | ||
| 520 | _aKing Midas really likes gold. King Midas would like more gold. How can he make more gold? Gold is always a good thing… isn’t it? | ||
| 521 | _aPrimaria | ||
| 650 | 7 |
_98 _aLITERATURA INFANTIL _vInglés |
|
| 650 | 7 |
_923 _aCUENTO |
|
| 700 | 1 |
_aBossio, Paula _9490 _eIlustradora |
|
| 942 |
_2ddc _aBOOK |
||
| 999 |
_c653 _d653 |
||